Ч. 1: Общая и теоретическая; Основы прикладной электрохимии

Bibliografiske detaljer
Parent link:Основы прикладной электрохимии: учебное пособие для вузов/ А. Дж. Аллманд. Ч. 1: Общая и теоретическая.— , 1925
Sprog:russisk
Udgivet: 1925
Fag:
Format: MixedMaterials Bog
KOHA link:https://koha.lib.tpu.ru/cgi-bin/koha/opac-detail.pl?biblionumber=184558

MARC

LEADER 00000nam0a2200000 4500
001 184558
005 20231031172433.0
035 |a (RuTPU)RU\TPU\book\200149 
090 |a 184558 
100 |a 20100913d1925 m y0rusy50 ca 
101 1 |a rus  |c eng 
102 |a RU 
105 |a a j 001zy 
200 0 |a Ч. 1: Общая и теоретическая 
210 |d 1925 
215 |a 277 с.  |c ил. 
320 |a Библиография в конце глав. 
320 |a Перечень основных обозначений: с. 8-9. 
461 |t Основы прикладной электрохимии  |o учебное пособие для вузов  |o пер. с англ.  |f А. Дж. Аллманд  |v Ч. 1: Общая и теоретическая  |d 1925  |s Специальные пособия для высшей школы 
610 1 |a прикладная электрохимия 
610 1 |a равновесие 
610 1 |a закон Фарадея 
610 1 |a растворы 
610 1 |a теория 
610 1 |a электролиз 
610 1 |a ионы 
610 1 |a перенос ионов 
610 1 |a электропроводность 
610 1 |a электролитическая диссоциация 
610 1 |a энергетика 
610 1 |a поляризация 
610 1 |a катодные процессы 
610 1 |a анодные процессы 
610 1 |a расплавленные электролиты 
610 1 |a электротермия 
610 1 |a электрический разряд 
610 1 |a разряд в газе 
610 1 |a учебные пособия 
675 |a 621.35(075.8)  |v 3 
801 1 |a RU  |b 63413507  |c 20100913 
801 2 |a RU  |b 63413507  |c 20160802  |g RCR 
942 |c BK